Hóa học 9
Gồm 5 chương: chương 1 (Các loại hợp chất vô cơ), chương 2 (Kim loại), chương 3 (Phi kim. Sơ lược về Bảng tuần hoàn các nguyên tố hóa học), chương 4 (Hiđrocacbon. Nhiên liệu), chương 5 (Dẫn xuất của Hiđrocacbon. Polime)...
Kaydedildi:
| Yazar: | |
|---|---|
| Materyal Türü: | Kitap |
| Dil: | Undetermined |
| Baskı/Yayın Bilgisi: |
Hà Nội
Giáo dục Việt Nam
2016
|
| Konular: | |
| Etiketler: |
Etiketle
Etiket eklenmemiş, İlk siz ekleyin!
|
| Thư viện lưu trữ: | Trung tâm Học liệu Trường Đại học Cần Thơ |
|---|
| LEADER | 00988nam a2200217Ia 4500 | ||
|---|---|---|---|
| 001 | CTU_217378 | ||
| 008 | 210402s9999 xx 000 0 und d | ||
| 020 | |c 12600 | ||
| 082 | |a 540.712 | ||
| 082 | |b Tr431 | ||
| 100 | |a Lê, Xuân Trọng | ||
| 245 | 0 | |a Hóa học 9 | |
| 245 | 0 | |c Lê Xuân Trọng (Tổng chủ biên), Cao Thị Thặng, Ngô Văn Vụ | |
| 260 | |a Hà Nội | ||
| 260 | |b Giáo dục Việt Nam | ||
| 260 | |c 2016 | ||
| 520 | |a Gồm 5 chương: chương 1 (Các loại hợp chất vô cơ), chương 2 (Kim loại), chương 3 (Phi kim. Sơ lược về Bảng tuần hoàn các nguyên tố hóa học), chương 4 (Hiđrocacbon. Nhiên liệu), chương 5 (Dẫn xuất của Hiđrocacbon. Polime) | ||
| 650 | |a Chemistry,Hóa học | ||
| 650 | |x Study and teaching (Secondary),Dạy và học (Trung học) | ||
| 904 | |i Nhi,My,Hải | ||
| 980 | |a Trung tâm Học liệu Trường Đại học Cần Thơ | ||